000
00230nam a2200097Ia 4500
008
230907s9999||||xx |||||||||||||| ||und||
082
_a
629
_b
WAT
245
0
_a
Building an electric vehicle /
260
_a
Wiley,
_c
2009
942
_c
BK
999
_c
597086
_d
597086